书目信息 |
| 题名: |
偶氮染料的微生物脱色
|
|
| 作者: | 严滨 著 | |
| 分册: | ||
| 出版信息: | 北京 化学工业出版社 2013.1 |
|
| 页数: | 210页 | |
| 开本: | 26cm | |
| 丛书名: | 厦门理工学院学术专著出版基金资助出版 | |
| 单 册: | ||
| 中图分类: | TQ613.1 | |
| 科图分类: | ||
| 主题词: | 偶氮染料--微生物--脱色--研究 | |
| 电子资源: | ||
| ISBN: | 978-7-122-15029-5 | |
| 000 | 01137oam2 2200253 45 | |
| 001 | 1359722765 | |
| 005 | 20130529090431.60 | |
| 010 | @a978-7-122-15029-5@dCNY78.00 | |
| 100 | @a20130513d2013 ekmy0chiy0120 ea | |
| 101 | 0 | @achi |
| 102 | @aCN@b110000 | |
| 105 | @aa z 000yy | |
| 106 | @ar | |
| 200 | 1 | @a偶氮染料的微生物脱色@AOu Dan Ran Liao De Wei Sheng Wu Tuo Se@f严滨著@FYan Bin Zhu |
| 210 | @a北京@c化学工业出版社@d2013.1 | |
| 215 | @a210页@d26cm | |
| 225 | 2 | @a厦门理工学院学术专著出版基金资助出版 |
| 330 | @a本书汇集了作者多年从事偶氮染料降解研究及污水处理实践中的丰富经验。主要介绍了偶氮染料的结构、特性和危害,简要对比了各种染料废水处理方式的优劣,系统介绍了微生物对染料脱色的过程、机理,同时从分子生物学角度对偶氮还原酶基因的克隆、表达和突变等方面的典型应用做了详细描述。书中实验数据翔实,分析手段丰富,对高等院校和科研院所中研究偶氮染料降解这一环境问题的科研人员具有较高的参考价值。 | |
| 461 | 0 | @12001 @a厦门理工学院学术专著出版基金资助出版 |
| 606 | 0 | @a偶氮染料@x微生物@x脱色@x研究 |
| 690 | @aTQ613.1@v5 | |
| 701 | 0 | @a严滨@AYan Bin@4著 |
| 801 | @aCN@bTANGWEI@c20130522 | |
| 905 | @b0833584-87@dTQ613.1@e35@f4 | |
| 偶氮染料的微生物脱色/严滨著.-北京:化学工业出版社,2013.1 |
| 210页;26cm.-(厦门理工学院学术专著出版基金资助出版) |
| ISBN 978-7-122-15029-5:CNY78.00 |
| 本书汇集了作者多年从事偶氮染料降解研究及污水处理实践中的丰富经验。主要介绍了偶氮染料的结构、特性和危害,简要对比了各种染料废水处理方式的优劣,系统介绍了微生物对染料脱色的过程、机理,同时从分子生物学角度对偶氮还原酶基因的克隆、表达和突变等方面的典型应用做了详细描述。书中实验数据翔实,分析手段丰富,对高等院校和科研院所中研究偶氮染料降解这一环境问题的科研人员具有较高的参考价值。 |
| ● |
| 相关链接 |
|
|
|
|
正题名:偶氮染料的微生物脱色
索取号:TQ613.1/35
 
预约/预借
| 序号 | 登录号 | 条形码 | 馆藏地/架位号 | 状态 | 备注 |
| 1 | 0833584 | 208335844 | 第二样本阅览室/ [索取号:TQ613.1/35] | 在馆 | |
| 2 | 0833585 | 208335853 | 密集书库-化学系/ [索取号:TQ613.1/35] | 在馆 | |
| 3 | 0833586 | 208335862 | 第三借阅区/ [索取号:TQ613.1/35] | 在馆 | |
| 4 | 0833587 | 208335871 | 第三借阅区/ [索取号:TQ613.1/35] | 在馆 |